| 000 | 00453nam a22001697a 4500 | ||
|---|---|---|---|
| 999 |
_c526100 _d526100 |
||
| 003 | NUST | ||
| 038 | _awaseem | ||
| 082 |
_a297.3 _bHAN |
||
| 100 |
_aHanif, Muhammad _917064 |
||
| 245 |
_aTalimat e gzali / _cMuhammad Hanif |
||
| 260 |
_aLahore : _bIdara saqaft e islamia, _c1977. |
||
| 300 | _a467 p. ; | ||
| 500 | _aHardcover. | ||
| 880 |
_6100-01\r _aمحمد حنیف ندوی |
||
| 880 |
_6245-02\r _aتعلیمات غزالی / |
||
| 942 |
_2ddc _cBK |
||